[Event "Madrid ch Super-Veteranos 2015-2016"]
[Site "Madrid ESP"]
[Date "2016.01.23"]
[Round "2.12"]
[White "Rodriguez Bachiller, Luis"]
[Black "Jaumandreu Llopis, Antonio"]
[Result "1/2-1/2"]
[WhiteElo "1660"]
[BlackElo "1504"]
[PlyCount "88"]
[EventDate "2016.01.22"]
[EventType "swiss"]
[EventRounds "7"]
[EventCountry "ESP"]
[Source "lmi"]
[SourceDate "2016.01.22"]

1. Nf3 d5 2. c4 Nf6 3. g3 g6 4. Bg2 Bg7 5. O-O O-O 6. cxd5 Nxd5 7. Nc3 Nf6 8.
d4 Nbd7 9. e4 Nb6 10. Bg5 Bg4 11. h3 Bxf3 12. Bxf3 h6 13. Be3 Kh7 14. e5 Nfd5
15. Nxd5 Nxd5 16. Qb3 e6 17. Rfc1 Rb8 18. Rc2 c6 19. Rac1 Qb6 20. Qxb6 Nxb6 21.
b3 Nd5 22. Bd2 Rfd8 23. Bxd5 Rxd5 24. Be3 Rbd8 25. f4 Bf8 26. Rc4 R8d7 27. Kf2
Be7 28. Kf3 Bd8 29. g4 Bb6 30. Ke4 Kg7 31. h4 Bd8 32. h5 f5+ 33. exf6+ Bxf6 34.
hxg6 Kxg6 35. Rc5 Kf7 36. g5 Bg7 37. gxh6 Bxh6 38. Rxd5 exd5+ 39. Kd3 Kf6 40.
Rh1 Bg7 41. Rh5 Rd8 42. Bf2 Rh8 43. Rxh8 Bf8 44. Ke3 Kf5 1/2-1/2

[Event "Madrid ch Super-Veteranos 2015-2016"]
[Site "Madrid ESP"]
[Date "2016.01.23"]
[Round "2.13"]
[White "Carcasona Beltran, Jose Maria"]
[Black "Fernandez Martinez, Jose"]
[Result "1-0"]
[WhiteElo "1126"]
[BlackElo "1632"]
[PlyCount "47"]
[EventDate "2016.01.22"]
[EventType "swiss"]
[EventRounds "7"]
[EventCountry "ESP"]
[Source "lmi"]
[SourceDate "2016.01.22"]

1. e4 e5 2. Nf3 Nc6 3. Bc4 Bc5 4. O-O Nf6 5. d3 O-O 6. Nc3 h6 7. Re1 a6 8. Be3
d6 9. h3 Na5 10. Nd5 Nxc4 11. Nxf6+ Qxf6 12. dxc4 Bxe3 13. Rxe3 Bd7 14. Nh2 Bc6
15. Qg4 Bd7 16. Qxd7 Qd8 17. Qg4 Qe8 18. Rg3 g6 19. f4 exf4 20. Qxf4 Qe5 21.
Qh4 Rae8 22. Ng4 Qg7 23. Nxh6+ Kh7 24. Nf5+ 1-0

[Event "Madrid ch Super-Veteranos 2015-2016"]
[Site "Madrid ESP"]
[Date "2016.01.25"]
[Round "3.1"]
[White "Estrada Martinez, Cesar"]
[Black "Ortega Morales, Pedro"]
[Result "1-0"]
[WhiteElo "2079"]
[BlackElo "1747"]
[PlyCount "97"]
[EventDate "2016.01.22"]
[EventType "swiss"]
[EventRounds "7"]
[EventCountry "ESP"]
[Source "lmi"]
[SourceDate "2016.01.22"]

1. c4 e5 2. Nf3 Nc6 3. d4 exd4 4. Nxd4 Nxd4 5. Qxd4 Qf6 6. Qe4+ Qe6 7. Qd3 Bb4+
8. Nc3 Nf6 9. Bd2 O-O 10. e3 d6 11. g3 Bxc3 12. Bxc3 Qe4 13. Qxe4 Nxe4 14. Rc1
Rb8 15. Bg2 Nc5 16. O-O Bf5 17. b3 Be4 18. f3 Bc6 19. Rcd1 Ne6 20. e4 Rbd8 21.
Rfe1 f6 22. h4 Nc5 23. Bh3 Bd7 24. Bg2 Bc6 25. Bd2 Ne6 26. Be3 b6 27. Rd2 Rde8
28. Bh3 Nd8 29. h5 Nf7 30. Bg2 g6 31. hxg6 hxg6 32. Bd4 Ng5 33. Rde2 Ne6 34.
Be3 Kg7 35. f4 Nc5 36. Bxc5 dxc5 37. e5 Bxg2 38. exf6+ Kf7 39. Re7+ Rxe7 40.
fxe7 Re8 41. Kxg2 Rxe7 42. Rxe7+ Kxe7 43. Kf3 Ke6 44. Ke4 c6 45. g4 b5 46. f5+
gxf5+ 47. gxf5+ Kf6 48. a4 a6 49. a5 1-0

[Event "Madrid ch Super-Veteranos 2015-2016"]
[Site "Madrid ESP"]
[Date "2016.01.25"]
[Round "3.2"]
[White "Ciuro Muñoz, Ricardo"]
[Black "Gonzalez Rivera, Eduardo"]
[Result "1-0"]
[WhiteElo "2024"]
[BlackElo "2059"]
[PlyCount "100"]
[EventDate "2016.01.22"]
[EventType "swiss"]
[EventRounds "7"]
[EventCountry "ESP"]
[Source "lmi"]
[SourceDate "2016.01.22"]

1. e4 e5 2. Nf3 Nc6 3. Bb5 a6 4. Ba4 Nf6 5. O-O Nxe4 6. d4 b5 7. Bb3 d5 8. dxe5
Be6 9. c3 Bc5 10. Nbd2 O-O 11. Qe2 Nxd2 12. Bxd2 Qd7 13. Rad1 Rad8 14. Bg5 Be7
15. Bf4 Na5 16. Bc2 Bf5 17. Rfe1 Bxc2 18. Qxc2 Qg4 19. Bg3 c5 20. h3 Qe6 21.
Bh4 Bxh4 22. Nxh4 Rd7 23. f4 f5 24. Nf3 h6 25. a4 Nc6 26. axb5 axb5 27. Qf2 Qe7
28. Qe2 c4 29. Nd4 Nxd4 30. Rxd4 b4 31. cxb4 Qxb4 32. Red1 Qb6 33. Kh2 Qe6 34.
Qf3 Rfd8 35. b3 cxb3 36. Qxb3 Kh7 37. Qf3 g6 38. Qe3 Kg7 39. Qd3 Kh7 40. Ra1
Rc8 41. Ra6 Rc6 42. Rda4 Rdc7 43. Ra7 Rd7 44. R4a6 h5 45. Qb5 Rxa7 46. Rxc6 Qg8
47. Qc5 Rb7 48. e6 g5 49. Rc7+ Kg6 50. e7 Qe6 1-0

[Event "Madrid ch Super-Veteranos 2015-2016"]
[Site "Madrid ESP"]
[Date "2016.01.25"]
[Round "3.3"]
[White "Perez Cameselle, Francisco"]
[Black "Mayer Schwartz, Rene"]
[Result "1/2-1/2"]
[WhiteElo "1917"]
[BlackElo "2015"]
[PlyCount "74"]
[EventDate "2016.01.22"]
[EventType "swiss"]
[EventRounds "7"]
[EventCountry "ESP"]
[Source "lmi"]
[SourceDate "2016.01.22"]

1. Nf3 Nf6 2. g3 c5 3. c4 d5 4. cxd5 Nxd5 5. Nc3 Nc6 6. Bg2 Nb6 7. d3 e5 8. O-O
Be7 9. Be3 f5 10. Na4 Nd7 11. Rc1 Nd4 12. Nd2 Rb8 13. f4 b5 14. Nc3 O-O 15.
fxe5 Nxe5 16. Bf4 Bd6 17. Nd5 Re8 18. Nb3 Ng4 19. e4 fxe4 20. dxe4 Nxb3 21.
Qxb3 c4 22. Qc2 Be6 23. Qd2 Ne5 24. b3 Rc8 25. Bxe5 Bxe5 26. bxc4 Rxc4 27. Rxc4
bxc4 28. Qc2 Qc8 29. Rc1 Qc5+ 30. Kh1 c3 31. Qa4 Rb8 32. Qd1 Rb2 33. Qh5 Bxd5
34. Qe8+ Qf8 35. Qxe5 Bxa2 36. Qxc3 Rb8 37. Ra1 Qf7 1/2-1/2

[Event "Madrid ch Super-Veteranos 2015-2016"]
[Site "Madrid ESP"]
[Date "2016.01.25"]
[Round "3.4"]
[White "Alvarez Escudero, Manuel"]
[Black "Lopez Heras, Arturo"]
[Result "0-1"]
[WhiteElo "1820"]
[BlackElo "1809"]
[PlyCount "38"]
[EventDate "2016.01.22"]
[EventType "swiss"]
[EventRounds "7"]
[EventCountry "ESP"]
[Source "lmi"]
[SourceDate "2016.01.22"]

1. e4 e5 2. Nf3 Nc6 3. Bb5 f5 4. Bxc6 dxc6 5. Nxe5 Qh4 6. O-O fxe4 7. f4 Bc5+
8. Kh1 Nf6 9. d3 O-O 10. Nc3 exd3 11. Qxd3 Be6 12. Be3 Rad8 13. Qe2 Bxe3 14.
Qxe3 Ng4 15. Nxg4 Bxg4 16. Rac1 Bh5 17. g3 Qh3 18. Nd1 Rfe8 19. Nf2 Qxf1+ 0-1

[Event "Madrid ch Super-Veteranos 2015-2016"]
[Site "Madrid ESP"]
[Date "2016.01.25"]
[Round "3.5"]
[White "Diaz Begonte, Manuel"]
[Black "Garcia Esteban, Ignacio"]
[Result "0-1"]
[WhiteElo "1671"]
[BlackElo "1888"]
[PlyCount "73"]
[EventDate "2016.01.22"]
[EventType "swiss"]
[EventRounds "7"]
[EventCountry "ESP"]
[Source "lmi"]
[SourceDate "2016.01.22"]

1. e4 c5 2. d4 e6 3. Be3 cxd4 4. Bxd4 Nc6 5. Nf3 Nxd4 6. Qxd4 Ne7 7. Bc4 Nc6 8.
Qe3 Qa5+ 9. c3 Bc5 10. Qe2 Be7 11. O-O O-O 12. Nbd2 d6 13. Nb3 Qc7 14. Rfd1 a6
15. Rac1 b5 16. Bd3 Bb7 17. Nbd4 Qb6 18. Bb1 Rad8 19. Nxc6 Bxc6 20. Nd4 Bb7 21.
Rd3 Bg5 22. Rcd1 Bf6 23. Qg4 Qc5 24. Kh1 h5 25. Qe2 Qe5 26. Rh3 g6 27. f4 Qxf4
28. Rf1 Qe5 29. Rhf3 Bg7 30. Qe3 d5 31. Rg3 dxe4 32. Rg5 Bh6 33. Rxe5 Bxe3 34.
Bxe4 Bxe4 35. Rxe4 Bxd4 36. cxd4 Rd5 37. Kg1 0-1

[Event "Madrid ch Super-Veteranos 2015-2016"]
[Site "Madrid ESP"]
[Date "2016.01.25"]
[Round "3.6"]
[White "Fernandez Garcia, Ignacio"]
[Black "Leniz Martinez, Francisco"]
[Result "1/2-1/2"]
[WhiteElo "1875"]
[BlackElo "1690"]
[PlyCount "101"]
[EventDate "2016.01.22"]
[EventType "swiss"]
[EventRounds "7"]
[EventCountry "ESP"]
[Source "lmi"]
[SourceDate "2016.01.22"]

1. e4 d6 2. d4 Nf6 3. f3 Nbd7 4. Nc3 g6 5. Be3 Bg7 6. Qd2 h5 7. Bd3 c5 8. Nge2
a6 9. dxc5 Nxc5 10. Bc4 Be6 11. Bb3 Nxb3 12. axb3 Bd7 13. Nf4 Bc6 14. O-O O-O
15. Rfd1 Qc7 16. Nh3 Rfe8 17. Kh1 Rac8 18. Qf2 Nd7 19. Bd4 Bxd4 20. Qxd4 Qb6
21. Qd2 Kg7 22. Qg5 Qc5 23. Qg3 Nf6 24. Qe1 Qe5 25. Nf2 Qg5 26. Nd3 Ra8 27. h4
Qh6 28. e5 Nd5 29. Nxd5 Bxd5 30. Qg3 Bc6 31. exd6 exd6 32. Nb4 d5 33. Nxd5 Re2
34. Nb4 Rc8 35. Re1 Rce8 36. Nxc6 bxc6 37. Rxe2 Rxe2 38. Rxa6 Qc1+ 39. Kh2 Re1
40. Qf2 Qf4+ 41. g3 Qc1 42. Qd4+ Kh7 43. Qf2 Rd1 44. Rxc6 Rd2 45. Qxd2 Qxd2+
46. Kh3 Qe1 47. g4 Qf1+ 48. Kg3 Qg1+ 49. Kf4 Qd4+ 50. Kg3 Qg1+ 51. Kf4 1/2-1/2

[Event "Madrid ch Super-Veteranos 2015-2016"]
[Site "Madrid ESP"]
[Date "2016.01.25"]
[Round "3.8"]
[White "Pashov, Spas Nikolov"]
[Black "Martin Rodriguez, Jose Luis"]
[Result "1-0"]
[WhiteElo "1722"]
[BlackElo "1313"]
[PlyCount "83"]
[EventDate "2016.01.22"]
[EventType "swiss"]
[EventRounds "7"]
[EventCountry "ESP"]
[Source "lmi"]
[SourceDate "2016.01.22"]

1. e4 e6 2. d4 d5 3. Nd2 Nf6 4. e5 Nfd7 5. Bd3 c5 6. c3 Nc6 7. Ne2 cxd4 8. cxd4
Be7 9. O-O Qb6 10. Nf3 Nf8 11. b3 Ng6 12. Be3 Bd7 13. Nc3 Nb4 14. Be2 Rc8 15.
Qd2 a5 16. Qb2 Na6 17. a3 O-O 18. Rfc1 f5 19. exf6 Bxf6 20. Bd3 Qd6 21. Ne2 Qe7
22. Re1 Nc5 23. Bxg6 hxg6 24. Nc3 Nd3 25. Qd2 Nxe1 26. Qxe1 Kf7 27. Bd2 Rh8 28.
h3 g5 29. Ne2 Ke8 30. Bxa5 Qf7 31. Nh2 Be7 32. Ng4 Bd6 33. Bd2 Qg6 34. Nc3 Kd8
35. b4 Kc7 36. b5 Qd3 37. Ne5 Qxd4 38. Nf7 Rh5 39. Be3 Qf6 40. Nxd5+ exd5 41.
Qa5+ Kb8 42. Ba7+ 1-0

[Event "Madrid ch Super-Veteranos 2015-2016"]
[Site "Madrid ESP"]
[Date "2016.01.25"]
[Round "3.9"]
[White "Martinez Ruiz, Arturo"]
[Black "Carcasona Beltran, Jose Maria"]
[Result "1-0"]
[WhiteElo "1697"]
[BlackElo "1126"]
[PlyCount "65"]
[EventDate "2016.01.22"]
[EventType "swiss"]
[EventRounds "7"]
[EventCountry "ESP"]
[Source "lmi"]
[SourceDate "2016.01.22"]

1. Nf3 d5 2. d4 Nf6 3. g3 Bf5 4. Bg2 Nc6 5. c3 e6 6. O-O Bd6 7. Nbd2 O-O 8. Re1
Re8 9. Nh4 Ng4 10. Nxf5 Qf6 11. f3 Nxh2 12. Nxd6 cxd6 13. Kxh2 e5 14. dxe5 Nxe5
15. Nf1 h6 16. Qxd5 g5 17. Be3 h5 18. Bd4 h4 19. Bxe5 Rxe5 20. Qd4 Qh6 21. gxh4
g4 22. Qxg4+ Kh7 23. f4 Rg8 24. Qxg8+ Kxg8 25. fxe5 Qxh4+ 26. Kg1 dxe5 27. Nh2
Qg5 28. Rf1 f5 29. Rf2 f4 30. Raf1 Qf5 31. Bd5+ Kh7 32. Rg2 Kh6 33. Rf3 1-0

[Event "Madrid ch Super-Veteranos 2015-2016"]
[Site "Madrid ESP"]
[Date "2016.01.25"]
[Round "3.10"]
[White "Guimare Lorenzo, Juan Luis"]
[Black "Rodriguez Bachiller, Luis"]
[Result "1-0"]
[WhiteElo "1605"]
[BlackElo "1660"]
[PlyCount "65"]
[EventDate "2016.01.22"]
[EventType "swiss"]
[EventRounds "7"]
[EventCountry "ESP"]
[Source "lmi"]
[SourceDate "2016.01.22"]

1. d4 Nf6 2. c4 c5 3. d5 e6 4. Bg5 exd5 5. cxd5 Qb6 6. Bxf6 Qxf6 7. Nc3 Na6 8.
e4 Nc7 9. Nf3 d6 10. Be2 a6 11. a4 b6 12. O-O Bb7 13. Qd2 g6 14. Rfe1 Bg7 15.
e5 dxe5 16. Nxe5 Rd8 17. Ng4 Qd4 18. Bf3+ Kf8 19. Qc2 Nxd5 20. Re4 Nb4 21. Rxd4
Nxc2 22. Rxd8+ Ke7 23. Rxh8 Bxf3 24. gxf3 Bxh8 25. Rd1 Ke6 26. Ne3 Nd4 27. Kg2
f5 28. f4 h6 29. Ned5 b5 30. axb5 Nxb5 31. Nxb5 axb5 32. Nc7+ Ke7 33. Nxb5 1-0

[Event "Madrid ch Super-Veteranos 2015-2016"]
[Site "Madrid ESP"]
[Date "2016.01.25"]
[Round "3.11"]
[White "Corredor Gonzalez, Angel L"]
[Black "Jaumandreu Llopis, Antonio"]
[Result "1-0"]
[WhiteElo "1780"]
[BlackElo "1504"]
[PlyCount "55"]
[EventDate "2016.01.22"]
[EventType "swiss"]
[EventRounds "7"]
[EventCountry "ESP"]
[Source "lmi"]
[SourceDate "2016.01.22"]

1. e4 c5 2. Nc3 Nc6 3. f4 d6 4. Nf3 Bg4 5. Bc4 e6 6. f5 Bxf3 7. Qxf3 Ne5 8.
Bb5+ Nc6 9. fxe6 fxe6 10. O-O Nf6 11. d3 Be7 12. e5 dxe5 13. Bxc6+ bxc6 14.
Qxc6+ Kf7 15. Ne4 Rf8 16. Ng5+ Kg8 17. Qxe6+ Kh8 18. Nf7+ Rxf7 19. Qxf7 Qd6 20.
Qc4 Rb8 21. a3 Nd5 22. b3 Nb6 23. Qe4 Nd7 24. Bb2 Nf6 25. Qxe5 Qd8 26. Rae1 Bd6
27. Qe6 Rb6 28. Qf7 1-0

[Event "Madrid ch Super-Veteranos 2015-2016"]
[Site "Madrid ESP"]
[Date "2016.01.25"]
[Round "3.12"]
[White "Poblador Dieguez, Alfredo"]
[Black "Sanchez Lucena, Juan"]
[Result "1-0"]
[WhiteElo "1593"]
[BlackElo "1440"]
[PlyCount "89"]
[EventDate "2016.01.22"]
[EventType "swiss"]
[EventRounds "7"]
[EventCountry "ESP"]
[Source "lmi"]
[SourceDate "2016.01.22"]

1. d4 e5 2. dxe5 Nc6 3. Nf3 Qe7 4. a3 Nxe5 5. Nxe5 Qxe5 6. e3 Nf6 7. Bd3 g6 8.
c4 b6 9. Nd2 Bg7 10. Nf3 Qd6 11. b4 Bb7 12. Bb2 Qe7 13. O-O O-O 14. Qc2 Bxf3
15. gxf3 d6 16. Kh1 Rad8 17. Rg1 Nh5 18. Bxg7 Nxg7 19. Be4 c5 20. b5 Rd7 21. a4
Ne6 22. a5 Qf6 23. f4 Ng7 24. axb6 axb6 25. Ra6 Rb8 26. Rga1 Kf8 27. Ra7 Rxa7
28. Rxa7 Ne6 29. Qd3 Nd8 30. Rd7 d5 31. Bxd5 Qf5 32. Be4 Qe6 33. Rxd8+ Rxd8 34.
Qxd8+ Kg7 35. Qd5 Qe7 36. Qe5+ Qxe5 37. fxe5 Kf8 38. f4 Ke7 39. Bd5 h6 40. Kg2
f6 41. exf6+ Kxf6 42. Kg3 g5 43. fxg5+ hxg5 44. h4 gxh4+ 45. Kxh4 1-0

[Event "Madrid ch Super-Veteranos 2015-2016"]
[Site "Madrid ESP"]
[Date "2016.01.25"]
[Round "3.13"]
[White "Benito Alba, Eladio"]
[Black "Olano Lanchas, Dionisio"]
[Result "1-0"]
[WhiteElo "1567"]
[BlackElo "1712"]
[PlyCount "93"]
[EventDate "2016.01.22"]
[EventType "swiss"]
[EventRounds "7"]
[EventCountry "ESP"]
[Source "lmi"]
[SourceDate "2016.01.22"]

1. d4 d5 2. c4 f5 3. Nf3 dxc4 4. e3 Be6 5. Na3 c6 6. Bxc4 Bd5 7. Bxd5 Qxd5 8.
O-O e6 9. Ne5 Nf6 10. Nc2 Bd6 11. f4 c5 12. b3 a5 13. Bb2 O-O 14. dxc5 Bxc5 15.
Qe2 Qe4 16. Bd4 Bxd4 17. Nxd4 Re8 18. Nb5 Nd5 19. Nd6 Qxe3+ 20. Qxe3 Nxe3 21.
Nxe8 Nxf1 22. Kxf1 Na6 23. Nd6 Nb4 24. Rc1 Nxa2 25. Rc8+ Rxc8 26. Nxc8 Nc1 27.
Nb6 Nxb3 28. Ke2 Nc5 29. Nd3 Ne4 30. Nf2 Nc5 31. Kd2 a4 32. Nc4 Kf7 33. Kc3 Kf6
34. Kb4 a3 35. Kxa3 Nd7 36. Kb4 g5 37. fxg5+ Kxg5 38. Kc3 Kf4 39. Kd2 e5 40.
Nh3+ Kg4 41. Ne3+ Kh4 42. Nxf5+ Kg4 43. Ne3+ Kh4 44. Nf5+ Kg4 45. Nd6 Nc5 46.
Nf2+ Kh4 47. Nfe4 1-0

[Event "Madrid ch Super-Veteranos 2015-2016"]
[Site "Madrid ESP"]
[Date "2016.01.25"]
[Round "3.14"]
[White "Algaba Traspuesto, Jose Antonio"]
[Black "Alfageme Sanchez, Jesus"]
[Result "1/2-1/2"]
[WhiteElo "1632"]
[BlackElo "1622"]
[PlyCount "106"]
[EventDate "2016.01.22"]
[EventType "swiss"]
[EventRounds "7"]
[EventCountry "ESP"]
[Source "lmi"]
[SourceDate "2016.01.22"]

1. d4 Nf6 2. Nf3 d6 3. h3 g6 4. Nc3 Bg7 5. e4 c5 6. dxc5 Qa5 7. Bd3 Qxc5 8. Be3
Qc7 9. Qd2 h5 10. Nb5 Qd8 11. Nxa7 Nfd7 12. Nxc8 Qxc8 13. c3 Nc6 14. O-O Nce5
15. Nxe5 Nxe5 16. Be2 Nc4 17. Bxc4 Qxc4 18. Qd5 Qc6 19. Rfd1 O-O 20. Bd4 Bxd4
21. Rxd4 Qc7 22. Rb4 b6 23. a4 Rfc8 24. a5 bxa5 25. Rb7 Qd8 26. Qb5 Rcb8 27.
Rxb8 Rxb8 28. Qxa5 Qxa5 29. Rxa5 Rxb2 30. Ra8+ Kg7 31. Kf1 Kf6 32. f4 Ke6 33.
Rc8 Rc2 34. g4 hxg4 35. hxg4 f5 36. gxf5+ gxf5 37. exf5+ Kxf5 38. Rf8+ Ke4 39.
Re8 Kf3 40. Ke1 Re2+ 41. Kd1 Re4 42. f5 Re5 43. f6 exf6 44. Rf8 f5 45. c4 f4
46. Rf6 d5 47. cxd5 Rxd5+ 48. Ke1 Ra5 49. Rf8 Re5+ 50. Kf1 Ke3 51. Kg2 Rg5+ 52.
Kf1 Kf3 53. Rf7 Rg2 1/2-1/2

[Event "Madrid ch Super-Veteranos 2015-2016"]
[Site "Madrid ESP"]
[Date "2016.01.26"]
[Round "4.1"]
[White "Ciuro Muñoz, Ricardo"]
[Black "Estrada Martinez, Cesar"]
[Result "1/2-1/2"]
[WhiteElo "2024"]
[BlackElo "2079"]
[PlyCount "34"]
[EventDate "2016.01.22"]
[EventType "swiss"]
[EventRounds "7"]
[EventCountry "ESP"]
[Source "lmi"]
[SourceDate "2016.01.22"]

1. d4 Nf6 2. Nf3 g6 3. Bf4 Bg7 4. e3 d6 5. Be2 O-O 6. h3 c5 7. c3 Qb6 8. Qb3
Qc7 9. Nbd2 Be6 10. Qc2 cxd4 11. cxd4 Nc6 12. Bh2 Bf5 13. Qd1 Ne4 14. Nxe4 Bxe4
15. O-O Qb6 16. Nd2 Bf5 17. Nc4 Qc7 1/2-1/2

[Event "Madrid ch Super-Veteranos 2015-2016"]
[Site "Madrid ESP"]
[Date "2016.01.26"]
[Round "4.2"]
[White "Mayer Schwartz, Rene"]
[Black "Lopez Heras, Arturo"]
[Result "1/2-1/2"]
[WhiteElo "2015"]
[BlackElo "1809"]
[PlyCount "125"]
[EventDate "2016.01.22"]
[EventType "swiss"]
[EventRounds "7"]
[EventCountry "ESP"]
[Source "lmi"]
[SourceDate "2016.01.22"]

1. Nf3 g6 2. c4 Bg7 3. Nc3 Nf6 4. d4 O-O 5. g3 c5 6. d5 d6 7. Bg2 Nbd7 8. O-O
Ng4 9. Qb3 Nge5 10. Bd2 b6 11. Rad1 Nxf3+ 12. Bxf3 Ne5 13. Bg2 Rb8 14. a4 Bd7
15. h3 f5 16. f4 Nf7 17. Rfe1 a6 18. Qc2 Qe8 19. b3 b5 20. axb5 axb5 21. cxb5
Bxb5 22. e4 fxe4 23. Nxe4 Ba6 24. Bc3 Qb5 25. Bxg7 Kxg7 26. Re3 Bc8 27. Qc3+
Kg8 28. Rde1 Rb7 29. Kh2 Bf5 30. Nd2 Re8 31. g4 Bc8 32. Ne4 Rf8 33. Kg3 Qb4 34.
Qxb4 Rxb4 35. Nd2 Rd4 36. Nf3 Rb4 37. Rxe7 Rxb3 38. R1e3 Rb2 39. Rc7 Rb7 40.
Ree7 Rxc7 41. Rxc7 Ba6 42. g5 Rc8 43. Ra7 Be2 44. Nd2 c4 45. Ne4 c3 46. Nf6+
Kg7 47. Be4 c2 48. Bxc2 Rxc2 49. Ra8 Nxg5 50. fxg5 Rc3+ 51. Kf2 Bf3 52. Ra7+
Kf8 53. Nxh7+ Kg8 54. Nf6+ Kf8 55. Rd7 Bh1 56. Rxd6 Rxh3 57. Rd7 Rd3 58. d6 Bc6
59. Rd8+ Kf7 60. d7 Rd6 61. Rh8 Bxd7 62. Rh7+ Ke6 63. Rxd7 1/2-1/2

[Event "Madrid ch Super-Veteranos 2015-2016"]
[Site "Madrid ESP"]
[Date "2016.01.26"]
[Round "4.3"]
[White "Gonzalez Rivera, Eduardo"]
[Black "Pashov, Spas Nikolov"]
[Result "1/2-1/2"]
[WhiteElo "2059"]
[BlackElo "1722"]
[PlyCount "104"]
[EventDate "2016.01.22"]
[EventType "swiss"]
[EventRounds "7"]
[EventCountry "ESP"]
[Source "lmi"]
[SourceDate "2016.01.22"]

1. e4 e5 2. Nf3 Nc6 3. Bb5 f5 4. Nc3 fxe4 5. Nxe4 d5 6. Ng3 Bd6 7. Nxe5 Nge7 8.
Nxc6 bxc6 9. Be2 O-O 10. O-O Ng6 11. d4 Qf6 12. Be3 Bd7 13. Bg4 Rad8 14. Bxd7
Rxd7 15. Qg4 Re7 16. Bg5 Qe6 17. Qxe6+ Rxe6 18. Rfe1 Rfe8 19. Kf1 Bf4 20. Bxf4
Rxe1+ 21. Rxe1 Rxe1+ 22. Kxe1 Nxf4 23. Kf1 g6 24. Ne2 Ne6 25. b4 Ng5 26. f3 Nf7
27. Nf4 Nd6 28. Ne6 Nb5 29. Ke1 Kf7 30. Nd8+ Ke7 31. Nxc6+ Kd6 32. a4 Na3 33.
b5 a6 34. Nb4 axb5 35. a5 Nc4 36. a6 c5 37. dxc5+ Kxc5 38. a7 Nb6 39. Nd3+ Kc6
40. Kf2 Kb7 41. Kg3 Kxa7 42. Kf4 Nc4 43. Nb4 Kb6 44. Nxd5+ Kc5 45. Ne3 Kd4 46.
Nd1 b4 47. Nf2 Ne3 48. Nd3 Nxc2 49. Nxb4 Nxb4 50. Kg5 Nd3 51. Kh6 Ne1 52. Kxh7
Nxg2 1/2-1/2

[Event "Madrid ch Super-Veteranos 2015-2016"]
[Site "Madrid ESP"]
[Date "2016.01.26"]
[Round "4.4"]
[White "Ortega Morales, Pedro"]
[Black "Perez Cameselle, Francisco"]
[Result "1/2-1/2"]
[WhiteElo "1747"]
[BlackElo "1917"]
[PlyCount "63"]
[EventDate "2016.01.22"]
[EventType "swiss"]
[EventRounds "7"]
[EventCountry "ESP"]
[Source "lmi"]
[SourceDate "2016.01.22"]

1. d4 f5 2. e4 fxe4 3. Nc3 Nf6 4. Bg5 d5 5. Bxf6 exf6 6. Qh5+ g6 7. Qxd5 Qe7 8.
Qxe4 Nc6 9. Qxe7+ Bxe7 10. O-O-O Bf5 11. Bb5 O-O-O 12. Bxc6 bxc6 13. Nge2 Rhe8
14. Rhe1 Bb4 15. a3 Ba5 16. f3 h5 17. Rf1 Re3 18. Ng3 Bxc3 19. bxc3 Rxc3 20.
Nxf5 gxf5 21. Kb2 Re3 22. Rf2 c5 23. Rfd2 c4 24. c3 Rd5 25. Rc2 f4 26. a4 c6
27. Ka3 a5 28. Kb2 h4 29. Rdd2 h3 30. gxh3 Rh5 31. Rf2 Rxh3 32. Rg2 1/2-1/2

[Event "Madrid ch Super-Veteranos 2015-2016"]
[Site "Madrid ESP"]
[Date "2016.01.26"]
[Round "4.5"]
[White "Garcia Esteban, Ignacio"]
[Black "Guimare Lorenzo, Juan L"]
[Result "1-0"]
[WhiteElo "1888"]
[BlackElo "1605"]
[PlyCount "95"]
[EventDate "2016.01.22"]
[EventType "swiss"]
[EventRounds "7"]
[EventCountry "ESP"]
[Source "lmi"]
[SourceDate "2016.01.22"]

1. e4 c5 2. Nc3 Nc6 3. Nf3 Nf6 4. d4 cxd4 5. Nxd4 e5 6. Ndb5 d6 7. Bg5 a6 8.
Na3 b5 9. Nd5 Qa5+ 10. Bd2 Qd8 11. Nxf6+ Qxf6 12. c3 Be7 13. Nc2 Be6 14. Ne3
O-O 15. Be2 Rad8 16. Bf3 Rfe8 17. O-O Bf8 18. Qc1 h6 19. Qe1 Ne7 20. a4 Bc4 21.
Nxc4 bxc4 22. Qe2 Rc8 23. Be3 Qe6 24. Bg4 f5 25. exf5 Nxf5 26. Qf3 g6 27. Qh3
Kh7 28. Rfe1 Rb8 29. Rab1 Qf6 30. Bd2 d5 31. Bd1 Re7 32. Bc2 d4 33. Be4 Nd6 34.
Bd5 d3 35. Be4 Rc7 36. Re3 Nxe4 37. Rxe4 Rf7 38. Qg3 Bc5 39. Be3 Bxe3 40. Qxe3
Re7 41. Rxc4 Qd6 42. Qd2 e4 43. Re1 Qd5 44. Rd4 Qf5 45. b4 h5 46. h3 Rb6 47.
Rxd3 Rc7 48. Rd5 1-0

[Event "Madrid ch Super-Veteranos 2015-2016"]
[Site "Madrid ESP"]
[Date "2016.01.26"]
[Round "4.6"]
[White "Moragrega Herrero, Juan Jose"]
[Black "Martinez Ruiz, Arturo"]
[Result "1-0"]
[WhiteElo "1837"]
[BlackElo "1697"]
[PlyCount "145"]
[EventDate "2016.01.22"]
[EventType "swiss"]
[EventRounds "7"]
[EventCountry "ESP"]
[Source "lmi"]
[SourceDate "2016.01.22"]

1. d4 Nf6 2. g3 d5 3. Bg2 Bf5 4. f3 h6 5. Nh3 e6 6. Nf2 c5 7. c3 Nc6 8. O-O Be7
9. Re1 cxd4 10. cxd4 O-O 11. Nc3 Rc8 12. a3 a6 13. e3 e5 14. dxe5 Nxe5 15. f4
Neg4 16. Nxd5 Nxf2 17. Nxe7+ Qxe7 18. Kxf2 Rfd8 19. Qb3 Rd3 20. Qxb7 Rc2+ 21.
Kg1 Qxb7 22. Bxb7 Bh3 23. Bf3 Ng4 24. Be4 Rxh2 25. Bf3 Rc2 26. Be4 Rf2 27. Rb1
f5 28. Bh1 Re2 29. Bd2 Rdxd2 30. Rxe2 Rxe2 31. Rc1 Rxb2 32. e4 fxe4 33. Bxe4
Nf6 34. Bg6 Rb5 35. Rc7 Bd7 36. Ra7 a5 37. Bd3 Rd5 38. Bc4 Be6 39. Bxd5 Bxd5
40. Rxa5 g5 41. fxg5 hxg5 42. Ra7 Bf3 43. a4 g4 44. a5 Ne4 45. Kh2 Kf8 46. Rc7
Ke8 47. a6 Kd8 48. a7 Nd6 49. Rg7 Nc8 50. Kg1 Nb6 51. Kf2 Ke8 52. Ke3 Kf8 53.
Rh7 Kg8 54. Rh6 Na8 55. Kd4 Kf7 56. Kc5 Ke7 57. Rh7+ Ke6 58. Rh8 Ke5 59. Re8+
Kf6 60. Kd6 Kf7 61. Re3 Kf6 62. Rb3 Kf5 63. Rb5+ Ke4 64. Re5+ Kd3 65. Kd7 Kd4
66. Re6 Kd3 67. Kc8 Kd4 68. Kb8 Kd5 69. Rg6 Kd4 70. Re6 Kd5 71. Re3 Kd4 72. Rb3
Kc4 73. Rb7 1-0

[Event "Madrid ch Super-Veteranos 2015-2016"]
[Site "Madrid ESP"]
[Date "2016.01.26"]
[Round "4.7"]
[White "Poblador Dieguez, Alfredo"]
[Black "Fernandez Garcia, Ignacio"]
[Result "0-1"]
[WhiteElo "1593"]
[BlackElo "1875"]
[PlyCount "54"]
[EventDate "2016.01.22"]
[EventType "swiss"]
[EventRounds "7"]
[EventCountry "ESP"]
[Source "lmi"]
[SourceDate "2016.01.22"]

1. d4 c5 2. d5 d6 3. c4 Nf6 4. Nc3 g6 5. e4 Bg7 6. f3 O-O 7. Be3 a6 8. Qd2 Re8
9. g4 Nbd7 10. h4 h5 11. Be2 b5 12. cxb5 axb5 13. g5 b4 14. gxf6 bxc3 15. bxc3
Nxf6 16. Bb5 Bd7 17. Bxd7 Nxd7 18. Ne2 Ne5 19. Kf2 Ra3 20. f4 Ng4+ 21. Kg3 Qa5
22. Rhc1 e6 23. Bf2 exd5 24. Qxd5 Qa4 25. Qxd6 Qxe4 26. Qxc5 Qxe2 27. Re1 Rxc3+
0-1